000 00719nam a2200217Ia 4500
008 191130s2001##################000#0#eng##
020 _a9780117027299
022 _a98053879
040 _aACL
_cACL
082 _a301 WAD
100 _aWaddington, David
245 _aOut of the ashes : the social impact of industrial contraction and regeneration on Britain's mining communities
_cDavid Waddington and Chas Critcher
250 _a1st ed
260 _aNew York
_bHarperCollins
_cc2001
300 _axiii, 259p. ; 24cm.
500 _aIncludes bibliographical references (p. [291]-309) and index
700 _aCritcher, chas
990 _abdd0754cac10000c1142acec51726c9c
991 _a229819
999 _c29819
_d29819